00365pab a2200145 454500008004000000100001600040245005700056260000900113300001400122362001200136650001600148650001500164650001300179773002700192180718b2008 xxu||||| |||| 00| 0 eng d aNitin Kumar aCorruption, harassment and evasion in tax collection c2008 ap.125-39. aJan-Jun aTax evasion aCorruption aTaxation aIndian Economic Review